Statystyki dla Mistrzowie mistrzostw świata

Kliknij tutaj aby rozwiązać quiz!

Ogólne statystyki

  • Ten quiz został rozwiązany 41 razy
  • Średni wynik to 17 z 22

Statystyki odpowiedzi

Mistrzostwa ŚwiataGospodarz TurniejuMaskotka TurniejuPaństwo% Poprawnych
2022KatarLa'eeb2Argentyna
86%
2002Korea Południowa & JaponiaAto, Kaz, NikBrazylia
86%
2018RosjaZabivakaFrancja
86%
1930UrugwajBrakUrugwaj
86%
1934WłochyBrakWłochy
86%
1994Stany ZjednoczoneStrikerBrazylia
84%
2010Republika Południowej AfrykiZakumiHiszpania
84%
2014BrazyliaFulecoNiemcy
84%
2006NiemcyGoleo IVWłochy
81%
1998FrancjaKogutaFrancja
78%
1966AngliaLa-eebAnglia
76%
1978ArgentynaGauchitoArgentyna
73%
1970MeksykJuanitoBrazylia
73%
1990WłochyCiaoNiemcy
73%
1974NiemcyTip i TapNiemcy
73%
1962ChileBrakBrazylia
70%
1958SzwecjaBrakBrazylia
70%
1954SzwajcariaBrakNiemcy
70%
1950BrazyliaBrakUrugwaj
70%
1986MeksykPiqueArgentyna
68%
1982HiszpaniaNaranjitoWłochy
68%
1938FrancjaBrakWłochy
65%

Rozkład punktacji

Percentyl według liczby udzielonych odpowiedzi

Procent ludzi z każdym wynikiem

Twoja historia wyników

Nie rozwiązałeś tego quizu